Geografía general y geografía particular de asia y africa /
Guardado en:
| Autor Principal: | |
|---|---|
| Formato: | Libro |
| Publicado: |
Buenos Aires :
Stella, 0
|
| Edición: | 7a. ed. |
| Materias: | |
| Etiquetas: |
Agregar Etiqueta
Sin Etiquetas, Sea el primero en etiquetar este registro!
|
| LEADER | 00509nam a22001815a 4500 | ||
|---|---|---|---|
| 001 | CEM.cems005619 | ||
| 005 | 20060221000000.0 | ||
| 008 | 130507b######################000#0#####d | ||
| 003 | CEMS | ||
| 082 | 0 | 4 | |a 910 |
| 100 | 1 | |a Rossi, Floreal | |
| 245 | 1 | 0 | |a Geografía general y geografía particular de asia y africa / |
| 250 | |a 7a. ed. | ||
| 260 | |a Buenos Aires : |b Stella, 0 | ||
| 300 | |a 496 p. | ||
| 653 | |a Geografia | ||
| 653 | |a Geografia 1er. año | ||
| 859 | |a CEMS |b BIB. CEMS - 11 de abril |h 910 |i R735a7 |p 7027.79 |t Ej.1 | ||
